| 000 | 00786cam a2200253 4500 | ||
|---|---|---|---|
| 999 |
_c233314 _d233314 |
||
| 001 | 321747 | ||
| 003 | Nust | ||
| 005 | 20170306162439.0 | ||
| 008 | 740909s1973 enk 000 1 eng | ||
| 010 | _a 74177618 | ||
| 015 | _aGB*** | ||
| 020 | _a9780586091135 | ||
| 040 |
_aDLC _cDLC _dDLC |
||
| 050 | 0 | 0 |
_aPZ3.L56684 _bCo vol. 1 _aPR6023.E833 |
| 082 | 0 | 0 |
_a823.914 _bLES |
| 100 | 1 |
_aLessing, Doris, _d1919-2013. |
|
| 245 | 1 | 0 |
_aThis was the old chief's country _c[by] Doris Lessing. |
| 260 |
_aLondon, _bJoseph, _c1973. |
||
| 300 |
_a418 p. _c23 cm. |
||
| 350 | _a£3.50 | ||
| 400 | 1 | 1 |
_aHer _tCollected African stories, _vv. 1 |
| 651 | 0 |
_aAfrica _xSocial life and customs _xFiction. |
|
| 906 |
_a7 _bcbc _corignew _d4 _encip _f19 _gy-gencatlg |
||
| 942 |
_2ddc _cBK |
||